=LDR 00000nam 2200000 4500 =001 INLIS000000000009150 =005 20130612100953 =008 ***********************************Ind** =035 ##$$0010-061300000009150 =041 ##$$a Ind =082 ##$$a 155.5 =090 ##$$a 155.5, Sol-j =100 ##$$a Solihin, O =245 ##$$a Jangan jadi bebek, O. Solihin, editor,Iwan Janur =260 ##$$a 2002 $b Jakarta =300 ##$$a vii, 204 hlm, 19 cm =650 ##$$a Remaja =700 ##$$a Januar, Iwan(editor) =850 ##$$a NBPNMAT